000 01997nam a22003257a 4500
005 20100809124232.0
010 _aENG-98513 B-444873-877
020 _a9788175348417
_c225.00
035 _aEN-82046 B-444873-877
037 _bDBAD/PUB
037 _bAllied Pub/Ven
082 _a346.540166
100 _aJai, Janak Raj
_940503
245 _aUniversal handbook on divorce :
_blaw and procedure /
_cby Janak Raj Jai
250 _a4th edition
260 _aNew Delhi
_bUniversal Law Publishing Co.
_c2010
270 _aC-FF-1A, Dilkhush Industrial Estate
_bNew Delhi
_e110033
300 _axxiv, 237p.
_c21cm (pbk)
500 _aInclides index
650 _aDivorce- law and legislation
_940504
650 _aSeperation law
_940505
942 _2ddc
_cEN
_h346.540166
_mJAI
999 _c40333
_d40333